| 000 | 00631cam a2200217 a 4500 | ||
|---|---|---|---|
| 003 | NUST | ||
| 020 | _a019515097-X | ||
| 038 | _aKhadija | ||
| 082 | 0 | 0 |
_a620.1183 _bDAN |
| 100 | 1 |
_aDaniel, Isaac M. _982994 |
|
| 245 | 1 | 0 | _aEngineering mechanics of composite materials |
| 250 | _a2nd ed. | ||
| 260 |
_aNew York : _bOxford University Press, _c2006. |
||
| 300 |
_axviii, 411 p. : _bill. ; |
||
| 563 | _aHardcover | ||
| 650 | 0 |
_aComposite materials _925366 |
|
| 650 | 0 |
_aComposite materials _925366 |
|
| 700 | 1 |
_aIshai, Ori. _982995 |
|
| 856 | 4 | 2 | _uhttp://www.loc.gov/catdir/enhancements/fy0635/2004065462-d.html |
| 942 |
_cBK _2ddc |
||
| 999 |
_c32634 _d32634 |
||